[Event "GBR-ch blitz (Women)"]
[Site "Birmingham"]
[Date "2019.11.16"]
[Round "2"]
[White "Posadas, Rayelynn"]
[Black "Arora, Prachi"]
[Result "1-0"]
[WhiteElo "1815"]
[BlackElo "1577"]
[PlyCount "61"]
[EventDate "2019.11.16"]
[EventType "tourn (blitz)"]
[EventRounds "15"]
[EventCountry "ENG"]
[SourceTitle "CBM 193 Extra"]
[Source "ChessBase"]
[SourceDate "2020.01.31"]
[SourceVersion "1"]
[SourceVersionDate "2020.01.31"]
[SourceQuality "1"]

1. e4 e5 2. Nf3 Nc6 3. d4 exd4 4. Nxd4 Nxd4 5. Qxd4 Nf6 6. Bc4 b6 7. e5 Nh5 8. Qd5 Qe7 9. Qxa8 Qxe5+ 10. Kf1 Kd8 11. Qd5 Qxd5 12. Bxd5 Nf4 13. Bxf4 Bc5 14. Bxf7 d6 15. Bg5+ Kd7 16. Bb3 Ba6+ 17. c4 Re8 18. Nc3 Rf8 19. Bh4 d5 20. Nxd5 h6 21. Rd1 Kc6 22. Bg3 g5 23. Nxc7 h5 24. Nxa6 h4 25. Nxc5 Kxc5 26. Bd6+ Kc6 27. Bxf8 g4 28. Ba4+ b5 29. Bxb5+ Kb6 30. Rd6+ Ka5 31. Ra6# 1-0

[Event "GBR-ch blitz (Women)"]
[Site "Birmingham"]
[Date "2019.11.16"]
[Round "13"]
[White "Sheikh, Samia Zannat"]
[Black "Posadas, Rayelynn"]
[Result "1-0"]
[WhiteElo "1595"]
[BlackElo "1815"]
[PlyCount "87"]
[EventDate "2019.11.16"]
[EventType "tourn (blitz)"]
[EventRounds "15"]
[EventCountry "ENG"]
[SourceTitle "CBM 193 Extra"]
[Source "ChessBase"]
[SourceDate "2020.01.31"]
[SourceVersion "1"]
[SourceVersionDate "2020.01.31"]
[SourceQuality "1"]

1. d4 g6 2. c4 Bg7 3. Nc3 Nf6 4. Nf3 d6 5. Bg5 Nbd7 6. e3 0-0 7. Be2 c6 8. Qc2 e5 9. 0-0 Qc7 10. Rac1 b6 11. Rfd1 Bb7 12. h3 Rfe8 13. a3 e4 14. Nd2 d5 15. cxd5 cxd5 16. Nb5 Qxc2 17. Rxc2 Rec8 18. Rxc8+ Bxc8 19. Nd6 Bf8 20. Nxc8 Rxc8 21. Bb5 Rc2 22. b4 Kg7 23. Nf1 Ra2 24. a4 Bxb4 25. Rc1 a6 26. Bxa6 Rxa4 27. Bb5 Ra7 28. Bxd7 Rxd7 29. Rc6 Ba5 30. Bxf6+ Kh6 31. Be5 Rb7 32. g4 b5 33. h4 Bd8 34. g5+ Kh5 35. Bg3 b4 36. Rc1 b3 37. Rb1 b2 38. Kg2 Ba5 39. f4 Bc3 40. Bf2 Ra7 41. Ng3+ Kg4 42. Ne2 Rc7 43. Nxc3 Rxc3 44. Rxb2 1-0

[Event "UK-ch blitz (Women) op"]
[Site "Solihull"]
[Date "2018.12.01"]
[Round "12"]
[White "Milliet, Sophie"]
[Black "Posadas, Rayelynn"]
[Result "1-0"]
[WhiteElo "2288"]
[BlackElo "1813"]
[PlyCount "63"]
[EventDate "2018.12.01"]
[EventType "tourn (blitz)"]
[EventRounds "15"]
[EventCountry "ENG"]
[SourceTitle "EXT 2020"]
[Source "ChessBase"]
[SourceDate "2019.10.17"]
[SourceVersion "1"]
[SourceVersionDate "2019.10.17"]
[SourceQuality "1"]

1. e4 e5 2. Nf3 Nc6 3. Bc4 Bc5 4. c3 Nf6 5. d3 0-0 6. a4 d5 7. exd5 Nxd5 8. 0-0 Be6 9. Nbd2 Nf4 10. Bxe6 fxe6 11. Ne4 Bb6 12. Bxf4 exf4 13. d4 Ne7 14. a5 Bxa5 15. Rxa5 Nd5 16. c4 Nf6 17. Nxf6+ Rxf6 18. Re5 Qd7 19. Rfe1 Re8 20. d5 Qd6 21. dxe6 Qxd1 22. Rxd1 Kf8 23. Rde1 h6 24. e7+ Kf7 25. R5e4 g5 26. Ne5+ Kg7 27. Nd3 Rf7 28. Nc5 b6 29. Ne6+ Kf6 30. Nxc7 Rexe7 31. Nd5+ Kg7 32. Rxe7 1-0

[Event "UK-ch blitz (Women) op"]
[Site "Solihull"]
[Date "2018.12.01"]
[Round "7"]
[White "Posadas, Rayelynn"]
[Black "Fink Nunn, Petra"]
[Result "0-1"]
[WhiteElo "1813"]
[BlackElo "1923"]
[PlyCount "49"]
[EventDate "2018.12.01"]
[EventType "tourn (blitz)"]
[EventRounds "15"]
[EventCountry "ENG"]
[SourceTitle "EXT 2020"]
[Source "ChessBase"]
[SourceDate "2019.10.17"]
[SourceVersion "1"]
[SourceVersionDate "2019.10.17"]
[SourceQuality "1"]

1. e4 c5 2. Nf3 d6 3. d4 Nf6 4. Nc3 cxd4 5. Nxd4 g6 6. Nf3 Nc6 7. Bc4 Bg7 8. 0-0 0-0 9. Re1 Bg4 10. Be2 a6 11. h3 Bxf3 12. Bxf3 Rc8 13. Bg5 h6 14. Bh4 b5 15. Rb1 Qa5 16. a3 b4 17. axb4 Nxb4 18. Ra1 Qb6 19. Na4 Qc7 20. c3 Nc6 21. Bg3 Nd7 22. Qe2 Qb7 23. Qc2 Rb8 24. Reb1 Qb3 25. Qxb3 0-1

[Event "UK-ch blitz (Women) op"]
[Site "Solihull"]
[Date "2018.12.01"]
[Round "5"]
[White "Posadas, Rayelynn"]
[Black "Lampard, Alice"]
[Result "0-1"]
[WhiteElo "1813"]
[BlackElo "1700"]
[PlyCount "79"]
[EventDate "2018.12.01"]
[EventType "tourn (blitz)"]
[EventRounds "15"]
[EventCountry "ENG"]
[SourceTitle "EXT 2020"]
[Source "ChessBase"]
[SourceDate "2019.10.17"]
[SourceVersion "1"]
[SourceVersionDate "2019.10.17"]
[SourceQuality "1"]

1. e4 c5 2. Nf3 Nc6 3. d4 cxd4 4. Nxd4 g6 5. Nc3 Bg7 6. Be3 Nf6 7. Bc4 0-0 8. Qd2 d6 9. 0-0 Nxe4 10. Qd3 Nxc3 11. bxc3 Ne5 12. Qe2 Nxc4 13. Qxc4 Bd7 14. Rab1 b6 15. Qd3 Rc8 16. c4 Qc7 17. Nf3 Qxc4 18. Rfc1 Be6 19. a3 Qxd3 20. cxd3 Bf5 21. Rd1 Rc3 22. d4 Rxa3 23. Ra1 Rxa1 24. Rxa1 a5 25. h3 Rc8 26. g4 Be4 27. Nd2 Bd5 28. Rb1 Rc6 29. Nf1 Be4 30. Rb2 f5 31. gxf5 Bxf5 32. d5 Bxb2 33. dxc6 b5 34. Ng3 Bxh3 35. Kh2 Bc8 36. Ne4 Kf7 37. Kg3 Be5+ 38. Kf3 d5 39. Ng5+ Ke8 40. Bd2 0-1

[Event "UK-ch blitz (Women) op"]
[Site "Solihull"]
[Date "2018.12.01"]
[Round "14"]
[White "Posadas, Rayelynn"]
[Black "Sheikh, Samia Zannat"]
[Result "1-0"]
[WhiteElo "1813"]
[BlackElo "1551"]
[PlyCount "151"]
[EventDate "2018.12.01"]
[EventType "tourn (blitz)"]
[EventRounds "15"]
[EventCountry "ENG"]
[SourceTitle "EXT 2020"]
[Source "ChessBase"]
[SourceDate "2019.10.17"]
[SourceVersion "1"]
[SourceVersionDate "2019.10.17"]
[SourceQuality "1"]

1. e4 c5 2. Nf3 g6 3. d4 cxd4 4. Nxd4 Bg7 5. Nc3 Nf6 6. Be3 d6 7. Bc4 a6 8. 0-0 0-0 9. Bb3 b5 10. Nd5 Bb7 11. Nxf6+ Bxf6 12. f3 Nc6 13. c3 Nxd4 14. Bxd4 Bg7 15. Bxg7 Kxg7 16. Qd4+ f6 17. Rad1 Qc7 18. Bd5 e5 19. Qd3 Bxd5 20. Qxd5 Qc5+ 21. Kh1 Rfd8 22. Rd2 Qxd5 23. Rxd5 Ra7 24. Rfd1 Rad7 25. Kg1 Kf7 26. Kf2 Ke6 27. Ke3 f5 28. exf5+ gxf5 29. f4 e4 30. h3 Rg7 31. R1d2 Rg3+ 32. Kf2 e3+ 33. Kxg3 exd2 34. Rxd2 Rg8+ 35. Kf3 d5 36. Re2+ Kd6 37. Re5 Rf8 38. g4 fxg4+ 39. hxg4 h6 40. Rh5 Rf6 41. g5 hxg5 42. Rxg5 a5 43. f5 Ke5 44. Ke3 b4 45. cxb4 axb4 46. Rg4 Rb6 47. Rf4 b3 48. a3 Kf6 49. Kd3 Ke5 50. Rf2 Rc6 51. f6 Rc8 52. f7 Rf8 53. Kc3 d4+ 54. Kxb3 Ke4 55. Kc2 Ke3 56. Rf6 d3+ 57. Kd1 Kd4 58. Kd2 Ke4 59. b4 Ke5 60. Rf3 Ke4 61. Rf1 Kd4 62. Rf4+ Kd5 63. Kxd3 Kc6 64. Kc4 Kb6 65. Rf6+ Kb7 66. b5 Kc7 67. Kc5 Kb7 68. a4 Ka7 69. a5 Kb7 70. a6+ Ka7 71. Kc6 Kb8 72. b6 Ka8 73. Re6 Rc8+ 74. Kb5 Rb8 75. Re8 Rxe8 76. fxe8Q# 1-0